| 000 | 00359nam a2200133Ia 4500 | ||
|---|---|---|---|
| 008 | 150202s9999 xx 000 0 und d | ||
| 020 | _a449219623 | ||
| 050 |
_aFIC _bFIC |
||
| 100 | _aUpdike, John. | ||
| 245 |
_aRabbit at rest / _cJohn Updike. |
||
| 260 |
_aNew York : _bFawcett Crets Books, _c1990. |
||
| 300 |
_a427 pages : _c18 cm. |
||
| 650 | _aFiction. | ||
| 999 |
_c282467 _d282467 |
||